MDQL
is popping MORE tags! Check the
thread
!
Quizzes
Events
Quiz Creation
Community
Videos
Private Events
Remove Ads
Sign In
Join for FREE
Feedback
Dark Mode
Quiz Categories
Sports
Geography
Music
Movies
Television
Just For Fun
Miscellaneous
History
Literature
Language
Science
Gaming
Entertainment
Religion
Holiday
For Kids
Quiz Lab
Recent
Popular Today
Quiz Kudos Today
Editor Picks
Curator Picks
Quizzes by...
Day
Popularity
Type
Ratings
Length
Year
Community
Subscriptions
Recent Discussions
Orange Saloon
Badges
Playlists
Quests
Create
Leaderboards
Showdown
Live 5
Trivia Bingo
Activity
Puzzle Library
Sporcle Events
Private Events
Virtual Trivia
Globe League
Become a Host
Pub Owners
SporcleCon
Opinionation
Our Games
Videos
Blog
Mobile Apps
Partnerships
Remove Ads and Go Orange
Feedback
Miscellaneous
Crossword
General Knowledge
Baby Names
Logo
Food
Cars
Numbers
Grab Bag
University
College
Popular
Company
Slogans
Restaurants
Justice
Letter
Miscellaneous
Crossword
General Knowledge
Baby Names
Logo
Food
Cars
Numbers
Grab Bag
University
College
Popular
Company
Slogans
Restaurants
Justice
Letter
Random Quiz
Search Sporcle
×
Quiz Lab
Quiz Lab
Miscellaneous
Company
Type in answers that appear in a list
Type in answers that appear in a list
Classic
Best Score? Go Orange.
Superbrands 2012 Stats
Can you name the companies on each list of superbrands for 2012?
By
beanie2222
6m
40 Questions
88 Plays
88 Plays
88 Plays
Comments
Comments
Give Quiz Kudos
Give Quiz Kudos
-
- Ratings
hide this ad
More Info
Replay
Link that replays current quiz
Next Quiz
Link to next quiz in quiz playlist
You Got
0%
They Got
Avg Score
27%
Avg Friend Score
Upgrade to see
Score Distribution
Jump to the score distribution portion of the page
Score
0/40
Timer
06:00
0
Plays Today
rank
brand
% Correct
3.
Google
80.7%
2.
Google
80.7%
2.
Coca-Cola
65.9%
6.
BMW
61.4%
18.
Apple
51.1%
4.
Apple
51.1%
4.
Mercedes-Benz
45.5%
11.
Microsoft
45.5%
7.
Duracell
43.2%
6.
Virgin Atlantic
38.6%
15.
Hilton
37.5%
5.
BBC
35.2%
9.
Jaguar
35.2%
Consumer Superbrands 1.
Rolex
33%
Buisness Superbrands 1.
Rolls-Royce Group
33%
5.
British Airways
28.4%
14.
Michelin
27.3%
12.
FedEx
27.3%
14.
Boeing
26.1%
18.
Shell
26.1%
rank
brand
% Correct
8.
Dulux
23.9%
16.
Dyson
18.2%
19.
Guinness
18.2%
20.
Vodafone
15.9%
17.
Marks & Spencer
14.8%
16.
DHL
14.8%
11.
Wedgewood
13.6%
9.
Visa
13.6%
12.
Royal Albert Hall
11.4%
10.
PricewaterhouseCoopers
11.4%
13.
John Lewis
10.2%
8.
Bosch
10.2%
10.
Royal Doulton
9.1%
3.
GlaxoSmithKline
9.1%
7.
London Stock Exchange
9.1%
13.
BAE systems
9.1%
17.
BT
8%
20.
Bang & Olufsen
6.8%
15.
Eddie Stobart
5.7%
19.
Ernst & Young
5.7%
Quiz Playlist
Details
Report
Send in Message
Add To Playlist
More Info:
Not sure wether its just for UK but the companies on the list suggest so (link doesnt say). Area of trade taken from respective wikipedia page.
Classic:
Type in answers that appear in a list
Quiz Source
Last Updated: Feb 16, 2017
Quiz Scoreboard
CHALLENGE
Sign Up to Join the Scoreboard
Show All
Scores
Hide
Comments
May contain spoilers
Recently Published
1-10 Letter E Words III
by El_Dandy
Language
2m
Street Fighter Characters
by Artimus82
Gaming
60s
College Basketball Coaching Resumes
by pancakes188
Sports
9m
More to Explore
Quiz From the Vault
Featured Blog Post
Where Did the Easter Bunny Come From?
hide this ad
You Might Also Like...
Tags
Company Quiz
2012
apple
brand
Brand Names
business
Consumer
google
microsoft
trade
Today's Top Quizzes in Miscellaneous
Browse Miscellaneous
hide this ad
Today's Top Quizzes in Company
Browse Company
Top Contributed Quizzes in Miscellaneous
1
5-to-1: Fast Food
2
The JOE quick-fire general knowledge quiz: Day 174
3
The JOE quick-fire general knowledge quiz: Day 173
4
5-to-1: Cocktails
5
The JOE quick-fire general knowledge quiz: Day 172
6
9x9 Crossword: Disney Movie Titles
7
9x9 Crossword: Charlie and the Chocolate Factory
8
Sunday Crossword: Famous Bodies of Water
9
9x9 Crossword: Flags
10
The JOE quick-fire general knowledge quiz: Day 171
Explore More
Trending Topics
Anime
Disney
Harry Potter
Crossword
Kpop
Marvel
NBA
Soccer
Pokémon
The Office
Song
NFL
WWE
Country
Puzzle
hide this ad
More By:
beanie2222
Quiz
Plays
Rating
Category
Featured
Created
1-100
1,281
3.19
Miscellaneous
Apr 16, 2012
Churchill's 'We shall fight' speech
1,155
4.58
History
Nov 28, 2011
Flower of Scotland lyrics
906
5.00
Music
Jan 26, 2013
England hat-trick scorers
564
4.55
Sports
Dec 6, 2011
Worst Premier League penalty takers
423
4.75
Sports
Aug 19, 2013
Go to Creator's Profile
Score Distribution
Quiz Creator Spotlight
beanie2222
Follow
Send a Message
Quizzes Created
-
Created Quiz Play Count
-
More By This Creator
Popular Quizzes Today
1
Find the US States - No Outlines Minefield
2
Find the Countries of Europe - No Outlines Minefield
3
Find the US States
4
The Countries of the World
5
Risky Map Clicking: Biggest States A-Z
6
US States
7
Popular People in 1961
8
Movies - When Are They Set?
More Miscellaneous Quizzes
Match Up: Most Popular Male Name to Country
Quiz Lab
Trending Quizzes
Risky Map Clicking: Least Populous States A-Z
1-10 Letter G Words
1-10 Letter F Words
Countries of the World: 200 Million BC
Risky Map Clicking: Next State Alphabetically
Recently Updated
Rides in Walt Disney World
pecheneg
Most Oscar Losses (Acting)
pecheneg
Beyoncé Albums
pecheneg
Leaping Animals
pecheneg
Reality TV Shows (A-Z)
bhenderson79
Rickey Henderson's Hall of Fame Teammates
pecheneg
Champions League XIs: Arsenal
pecheneg
Quick Pick: Celebrities in WWE's Hall of Fame
aduchscher
A-Z Keypad Blitz II
pecheneg
Trending Topics
NBA
Kpop
Crossword
Harry Potter
Disney
Anime
Marvel
WWE
Song
Puzzle
Soccer
NFL
Pokémon
Country
The Office
Your Account Isn't Verified!
In order to create a playlist on Sporcle, you need to verify the email address you used during registration. Go to your
Sporcle Settings
to finish the process.
Report this User
Report this user for behavior that violates our
Community Guidelines
.
Details:
Send Report
Go to the Sporcle.com Mobile Site →
Comments